Ruská spolupráce s Čínou: proti USA na dvou frontách

Vývoj vzťahov Rusko - USA - Čína po septembri 2001. Orientácia ruskej zahraničnej politiky na krajiny Strednej Ázie. Hlavný nástroj spolupráce Ruska a Číny v Strednej Ázii - Šanghajská organizácia pre spoluprácu (ŠOS). Rastúce protiamerické zameranie ŠOS. Východná Ázia ako čínska priorita. Limity ru...

Descrizione completa

Salvato in:
Dettagli Bibliografici
Autore principale: Kratochvíl, Petr
Natura: Capitolo di libro
Lingua:ceco
Soggetti:
Tags: Aggiungi Tag
Nessun Tag, puoi essere il primo ad aggiungerne!!

MARC

LEADER 00000naa$a2200000$$$4500
001 0039766
005 20231016092536.8
041 0 |a cze 
044 |a CZ 
245 1 0 |a Ruská spolupráce s Čínou: proti USA na dvou frontách  |c Petr Kratochvíl 
520 |a Vývoj vzťahov Rusko - USA - Čína po septembri 2001. Orientácia ruskej zahraničnej politiky na krajiny Strednej Ázie. Hlavný nástroj spolupráce Ruska a Číny v Strednej Ázii - Šanghajská organizácia pre spoluprácu (ŠOS). Rastúce protiamerické zameranie ŠOS. Východná Ázia ako čínska priorita. Limity rusko-čínskej spolupráce. 
610 2 0 |a politika zahraničná 
610 2 0 |a politika medzinárodná 
610 2 0 |a spolupráca medzinárodná 
610 2 0 |a organizácie medzinárodné 
610 2 0 |a terorizmus 
610 2 0 |a konflikty 
610 2 0 |a bezpečnosť 
610 2 0 |a Rusko 
610 2 0 |a Čína 
610 2 0 |a USA 
610 2 0 |a Ázia 
100 1 |a Kratochvíl, Petr